<?xml version="1.0" encoding="UTF-8"?>
<record
    xmlns:xsi="http://www.w3.org/2001/XMLSchema-instance"
    xsi:schemaLocation="http://www.loc.gov/MARC21/slim http://www.loc.gov/standards/marcxml/schema/MARC21slim.xsd"
    xmlns="http://www.loc.gov/MARC21/slim">

  <leader>02544nam a22001697a 4500</leader>
  <controlfield tag="008">150204b        xxu||||| |||| 00| 0 eng d</controlfield>
  <datafield tag="020" ind1=" " ind2=" ">
    <subfield code="a">1859415229</subfield>
  </datafield>
  <datafield tag="050" ind1=" " ind2=" ">
    <subfield code="a">KD7576.S25</subfield>
  </datafield>
  <datafield tag="100" ind1=" " ind2=" ">
    <subfield code="a">Samuel, Geoffrey.</subfield>
  </datafield>
  <datafield tag="245" ind1=" " ind2=" ">
    <subfield code="a">Sourcebook on obligations and legal remedies. /</subfield>
    <subfield code="c">Geoffrey, Samuel.</subfield>
  </datafield>
  <datafield tag="250" ind1=" " ind2=" ">
    <subfield code="a">2nd ed.</subfield>
  </datafield>
  <datafield tag="260" ind1=" " ind2=" ">
    <subfield code="a">London:</subfield>
    <subfield code="b">Cavendish Publishing Ltd,</subfield>
    <subfield code="c">2000.</subfield>
  </datafield>
  <datafield tag="300" ind1=" " ind2=" ">
    <subfield code="a">lxxvi,873p.:</subfield>
    <subfield code="c">24cm.</subfield>
  </datafield>
  <datafield tag="500" ind1=" " ind2=" ">
    <subfield code="a">Includes index.</subfield>
  </datafield>
  <datafield tag="505" ind1=" " ind2=" ">
    <subfield code="a">Contents:The structure of the common law:Introduction -- The role of the courts -- The role of precedent -- The role of parliament -- The roll of institutions -- The role of legal categories -- The role of the categories of public and private law -- Legal method and the common law:Introduction -- Causes of action --  Pleadings (Statements of case) -- The legal rule -- General principles of law -- Legal concepts -- Law and fact -- Legal reasoning -- Remedies:Introduction -- Remedies and rights -- Remedies and interests -- Self-help -- Debt -- Tracing -- Specific performance -- Rescission in equity -- Rectification in equity -- Account -- Subrogation -- Injection -- Declaration -- Discovery of documents -- Damages -- Introduction to contractual obligations:Introduction -- Contract and the law of obligations -- Types of contract -- Contractual liability -- Statutes and contract -- Promise and agreement -- Freedom of contract -- Good faith -- The interpretation of contracts -- The formation of a contract:Introduction -- Offer and acceptance -- Intention and certainty -- Consideration -- Misrepresentation -- Mistake -- Fraud -- Duress -- Undue influence -- Non-performance of a contract:Introduction -- Liability and implied terms -- Breach and non-performance -- The role of fault -- Contractual liability for people -- Contractual liability for things -- Exclusion and limitation clauses -- Remedies and breach -- Impediment to performance -- Contract:Final observations -- Non-contractual obligations(1):Tort:Introduction to non-contractual obligations -- The legacy of the forms of action -- Damage caused to another -- Liability for individual acts -- Liability for people -- Liability for things -- Liability for words -- Particular liabilities -- Road accidents -- Defences to tort actions -- Abuse of rights -- Non-contractual obligations(2):Restitution:Introduction:Non-contractual debt claims -- Quasi-contracts -- Proprietary remedies -- Defective transactions -- restitution for wrongs -- Unjust enrichment -- Law of obligations:Final observations.  </subfield>
  </datafield>
  <datafield tag="942" ind1=" " ind2=" ">
    <subfield code="2">lcc</subfield>
    <subfield code="c">BK</subfield>
  </datafield>
  <datafield tag="999" ind1=" " ind2=" ">
    <subfield code="c">5348</subfield>
    <subfield code="d">12848</subfield>
  </datafield>
  <datafield tag="952" ind1=" " ind2=" ">
    <subfield code="0">0</subfield>
    <subfield code="1">0</subfield>
    <subfield code="2">lcc</subfield>
    <subfield code="4">0</subfield>
    <subfield code="7">0</subfield>
    <subfield code="a">WIUC-1</subfield>
    <subfield code="b">WIUC-1</subfield>
    <subfield code="c">LL</subfield>
    <subfield code="d">2015-02-04</subfield>
    <subfield code="l">0</subfield>
    <subfield code="o">KD7576.S25</subfield>
    <subfield code="p">2435/1432/15</subfield>
    <subfield code="r">2015-02-04 00:00:00</subfield>
    <subfield code="t">1</subfield>
    <subfield code="w">2015-02-04</subfield>
    <subfield code="y">BK</subfield>
  </datafield>
  <datafield tag="952" ind1=" " ind2=" ">
    <subfield code="0">0</subfield>
    <subfield code="1">0</subfield>
    <subfield code="2">lcc</subfield>
    <subfield code="4">0</subfield>
    <subfield code="7">0</subfield>
    <subfield code="a">WIUC-1</subfield>
    <subfield code="b">WIUC-1</subfield>
    <subfield code="c">LL</subfield>
    <subfield code="d">2015-02-04</subfield>
    <subfield code="l">0</subfield>
    <subfield code="o">KD7576.S251</subfield>
    <subfield code="p">2445/1442/15</subfield>
    <subfield code="r">2015-02-04 00:00:00</subfield>
    <subfield code="t">2</subfield>
    <subfield code="w">2015-02-04</subfield>
    <subfield code="y">BK</subfield>
  </datafield>
</record>
